000 01078nam a22003137a 4500
003 CHAP
005 20220329140422.0
008 971013s1972 r 00010 d
010 _a51708
011 _a52680
035 _a56830
040 _cCHAP
090 _aTesis
100 0 0 _aTreviño Garza, Alejandro.
_9114859
245 _aEfecto del clorhidrato de para-amino-benzoldietil-aminoetanol sobre la producción de aves que terminan su primer ciclo de postura
260 _aMonterrey, N.L. :
_bEl autor,
_c1972
300 _a48 h.
502 _aTesis (Ing. Agr. Zootecnista) -- ITESM. Div. de Ciencias Agropecuaria y Marítimas
590 _aALEPH
_b10
_c20130110
_lUCH01
_h1328
590 _aBATCH-UPD
_b10
_c20130110
_lUCH01
_h0556
590 _aBATCH-UPD
_b10
_c20130410
_lUCH01
_h0237
590 _aBATCH-UPD
_b10
_c20130914
_lUCH01
_h0446
590 _aCONVERSION
_b10
_c20130109
_lUCH01
_h1328
650 1 4 _aAves de corral
_xFecundidad.
_98648
650 1 4 _aHuevos
_xProducción.
_956759
901 _aBK
942 _cTESIS
949 _bBC
_cTES
_d-123957
_eTS1
_i56830
_si
999 _c51708
_d51708